[Event "12. Obert Int. Sant Marti 2010"]
[Site "Barcelona ESP"]
[Date "2010.07.17"]
[Round "5.6"]
[White "Fernandez-Diaz Mascort, Miguel"]
[Black "Gonzalez Rodriguez, Jorge A"]
[Result "0-1"]
[WhiteElo "2216"]
[BlackElo "2409"]
[PlyCount "92"]
[EventDate "2010.07.13"]
[EventType "swiss"]
[EventRounds "9"]
[EventCountry "ESP"]
[SourceTitle "Ajedrez en Madrid"]
[Source "lmi"]
[SourceDate "2010.07.13"]
[SourceVersion "1"]
[SourceVersionDate "2019.06.18"]
[SourceQuality "1"]

1. e4 e6 2. d3 d5 3. Nd2 Nf6 4. g3 c5 5. Bg2 Nc6 6. Ngf3 Be7 7. O-O b5 8. exd5
Nxd5 9. a4 b4 10. Nc4 Bf6 11. Re1 O-O 12. h4 h6 13. Nfd2 Nd4 14. Ne4 Be7 15. c3
Nc6 16. Qh5 f5 17. Bxh6 fxe4 18. Qg6 Bf6 19. Bxe4 Rf7 20. Qh7+ Kf8 21. Bg6 Ke7
22. Ne3 e5 23. h5 Be6 24. Bxf7 Kxf7 25. Bxg7 Bxg7 26. Qg6+ Ke7 27. Qxg7+ Bf7
28. Nf5+ Ke6 29. cxb4 Qf6 30. Qxf6+ Kxf6 31. Nd6 Bxh5 32. Ne4+ Kf5 33. Rec1
Ndxb4 34. Rxc5 Nd4 35. Nd6+ Ke6 36. Nc4 Nxd3 37. Ra5 Rh8 38. Ra6+ Kd5 39. Ne3+
Ke4 40. g4 Bxg4 41. Nxg4 Rg8 42. a5 Rxg4+ 43. Kf1 Rf4 44. Kg2 Rxf2+ 45. Kg3
Nf5+ 46. Kg4 Rg2+ 0-1

[Event "12. Obert Int. Sant Marti 2010"]
[Site "Barcelona ESP"]
[Date "2010.07.17"]
[Round "5.7"]
[White "Mihailovs, Jurijs"]
[Black "Capellades Subirana, Marc"]
[Result "1-0"]
[WhiteElo "2405"]
[BlackElo "2268"]
[PlyCount "77"]
[EventDate "2010.07.13"]
[EventType "swiss"]
[EventRounds "9"]
[EventCountry "ESP"]
[SourceTitle "Ajedrez en Madrid"]
[Source "lmi"]
[SourceDate "2010.07.13"]
[SourceVersion "1"]
[SourceVersionDate "2019.06.18"]
[SourceQuality "1"]

1. d4 Nf6 2. c4 e6 3. Nf3 Bb4+ 4. Nbd2 b6 5. a3 Bxd2+ 6. Qxd2 Bb7 7. g3 Be4 8.
Bg2 O-O 9. O-O c6 10. Qc3 d5 11. b3 Nbd7 12. a4 a6 13. Ba3 Re8 14. Bd6 Ng4 15.
h3 Nh6 16. Bf4 Nf5 17. g4 Ne7 18. a5 b5 19. cxb5 cxb5 20. Rfc1 Ng6 21. Bc7 Qe7
22. Qc6 Rec8 23. Qb7 Nf6 24. Rc6 Rcb8 25. Qxb8+ Rxb8 26. Bxb8 Qe8 27. Rac1 Ne7
28. Rc7 Bxf3 29. Bxf3 Qxb8 30. Rxe7 Ne4 31. Rc6 Qa8 32. Rxa6 Qc8 33. Rb6 f5 34.
Rbxe6 Nf6 35. a6 fxg4 36. hxg4 h5 37. a7 hxg4 38. Bxd5 Qc1+ 39. Kg2 1-0

[Event "12. Obert Int. Sant Marti 2010"]
[Site "Barcelona ESP"]
[Date "2010.07.17"]
[Round "5.8"]
[White "Perpinya Rofes, Lluis Maria"]
[Black "Matnadze, Ana"]
[Result "0-1"]
[WhiteElo "2344"]
[BlackElo "2422"]
[PlyCount "62"]
[EventDate "2010.07.13"]
[EventType "swiss"]
[EventRounds "9"]
[EventCountry "ESP"]
[SourceTitle "Ajedrez en Madrid"]
[Source "lmi"]
[SourceDate "2010.07.13"]
[SourceVersion "1"]
[SourceVersionDate "2019.06.18"]
[SourceQuality "1"]

1. e4 e5 2. Nf3 Nc6 3. Bb5 g6 4. c3 Bg7 5. d4 exd4 6. cxd4 a6 7. Bc4 Nge7 8.
Nc3 O-O 9. a3 b5 10. Bb3 d6 11. h3 Na5 12. Ba2 h6 13. O-O Kh7 14. Re1 f5 15.
Bb1 Bb7 16. d5 Nc4 17. Nd4 Bxd4 18. Qxd4 f4 19. Ne2 f3 20. Nf4 Bc8 21. b3 Ne5
22. Nd3 c5 23. Qe3 g5 24. Nxe5 dxe5 25. Qxc5 fxg2 26. a4 Ng6 27. Bd3 Nh4 28.
Be2 Rf3 29. Bb2 Rxh3 30. f3 g4 31. d6 g3 0-1

[Event "12. Obert Int. Sant Marti 2010"]
[Site "Barcelona ESP"]
[Date "2010.07.17"]
[Round "5.9"]
[White "Beltran Rueda, Santiago"]
[Black "Gonzalez Garcia, Marc"]
[Result "1-0"]
[WhiteElo "2369"]
[BlackElo "2255"]
[PlyCount "29"]
[EventDate "2010.07.13"]
[EventType "swiss"]
[EventRounds "9"]
[EventCountry "ESP"]
[SourceTitle "Ajedrez en Madrid"]
[Source "lmi"]
[SourceDate "2010.07.13"]
[SourceVersion "1"]
[SourceVersionDate "2019.06.18"]
[SourceQuality "1"]

1. Nf3 Nf6 2. c4 e6 3. g3 a6 4. Nc3 d5 5. d4 dxc4 6. Bg2 Nc6 7. O-O Be7 8. Qa4
Bd7 9. Qxc4 b5 10. Qd3 Nb4 11. Qd1 c5 12. dxc5 Bxc5 13. Ne5 Rc8 14. Bg5 Nc6 15.
Bxc6 1-0

[Event "12. Obert Int. Sant Marti 2010"]
[Site "Barcelona ESP"]
[Date "2010.07.17"]
[Round "5.10"]
[White "Gonzalez Valenzuela, Didac"]
[Black "Gomez Jurado, Luis Alberto"]
[Result "0-1"]
[WhiteElo "2156"]
[BlackElo "2287"]
[PlyCount "42"]
[EventDate "2010.07.13"]
[EventType "swiss"]
[EventRounds "9"]
[EventCountry "ESP"]
[SourceTitle "Ajedrez en Madrid"]
[Source "lmi"]
[SourceDate "2010.07.13"]
[SourceVersion "1"]
[SourceVersionDate "2019.06.18"]
[SourceQuality "1"]

1. d4 Nf6 2. c4 e6 3. Nc3 Bb4 4. Qc2 d5 5. cxd5 exd5 6. Bg5 h6 7. Bh4 c5 8.
dxc5 g5 9. Bg3 Ne4 10. e3 Qa5 11. Nge2 Bf5 12. Be5 O-O 13. Nd4 Nc6 14. Kd1 Qa4
15. Nxe4 Qb3 16. Bd3 dxe4 17. Bxe4 Rad8 18. Ke2 Rfe8 19. Kf3 g4+ 20. Kf4 Rxd4
21. Rae1 Rxe4+ 0-1

[Event "12. Obert Int. Sant Marti 2010"]
[Site "Barcelona ESP"]
[Date "2010.07.17"]
[Round "5.12"]
[White "Aderito, Pedro"]
[Black "Navarro Alvarez, Antoni"]
[Result "1-0"]
[WhiteElo "2333"]
[BlackElo "2066"]
[PlyCount "55"]
[EventDate "2010.07.13"]
[EventType "swiss"]
[EventRounds "9"]
[EventCountry "ESP"]
[SourceTitle "Ajedrez en Madrid"]
[Source "lmi"]
[SourceDate "2010.07.13"]
[SourceVersion "1"]
[SourceVersionDate "2019.06.18"]
[SourceQuality "1"]

1. e4 c6 2. d4 d5 3. Nc3 dxe4 4. Nxe4 Nd7 5. Bc4 Ngf6 6. Ng5 e6 7. Ne2 Nb6 8.
Bd3 Be7 9. O-O O-O 10. a3 h6 11. Nf3 c5 12. dxc5 Bxc5 13. Ng3 Bd7 14. b4 Be7
15. c4 Rc8 16. Qe2 Ba4 17. Bb2 Bb3 18. Rac1 Na4 19. Ba1 b5 20. cxb5 Nd5 21. Nh5
Rxc1 22. Rxc1 Bg5 23. Qe4 f5 24. Qxe6+ Kh8 25. Bxg7+ Kh7 26. Bxf5+ Rxf5 27.
Qxf5+ Kg8 28. Nxg5 1-0

[Event "12. Obert Int. Sant Marti 2010"]
[Site "Barcelona ESP"]
[Date "2010.07.18"]
[Round "6.1"]
[White "Abreu Delgado, Aryam"]
[Black "Gonzalez Garcia, Jose"]
[Result "1/2-1/2"]
[WhiteElo "2474"]
[BlackElo "2508"]
[PlyCount "81"]
[EventDate "2010.07.13"]
[EventType "swiss"]
[EventRounds "9"]
[EventCountry "ESP"]
[SourceTitle "Ajedrez en Madrid"]
[Source "lmi"]
[SourceDate "2010.07.13"]
[SourceVersion "1"]
[SourceVersionDate "2019.06.18"]
[SourceQuality "1"]

1. e4 e6 2. d4 d5 3. Nc3 Nf6 4. e5 Nfd7 5. f4 c5 6. Nf3 Nc6 7. Be3 Be7 8. Be2
O-O 9. O-O a6 10. Kh1 b5 11. a3 Bb7 12. dxc5 Bxc5 13. Bxc5 Nxc5 14. Bd3 f5 15.
Ne2 d4 16. b4 Na4 17. Qb1 Qd5 18. Nc1 h6 19. Qb3 Nc3 20. Qxd5 Nxd5 21. Ne2 Ne3
22. Rfe1 Rfd8 23. Kg1 Kf7 24. h3 Nxc2 25. Bxc2 d3 26. Bd1 dxe2 27. Bxe2 Nd4 28.
Nxd4 Rxd4 29. Rad1 Rxd1 30. Rxd1 Bd5 31. Rc1 Ra7 32. g3 a5 33. bxa5 Rxa5 34.
Rc7+ Kf8 35. Rc3 g5 36. Kf2 gxf4 37. gxf4 Ra4 38. Kg3 b4 39. axb4 Rxb4 40. Bh5
Rb3 41. Rxb3 1/2-1/2

[Event "12. Obert Int. Sant Marti 2010"]
[Site "Barcelona ESP"]
[Date "2010.07.18"]
[Round "6.2"]
[White "Rojas Keim, Luis"]
[Black "Gongora Reyes, Maikel"]
[Result "1/2-1/2"]
[WhiteElo "2437"]
[BlackElo "2451"]
[PlyCount "76"]
[EventDate "2010.07.13"]
[EventType "swiss"]
[EventRounds "9"]
[EventCountry "ESP"]
[SourceTitle "Ajedrez en Madrid"]
[Source "lmi"]
[SourceDate "2010.07.13"]
[SourceVersion "1"]
[SourceVersionDate "2019.06.18"]
[SourceQuality "1"]

1. d4 d5 2. c4 c6 3. Nf3 Nf6 4. e3 Bg4 5. Nbd2 e6 6. Bd3 Nbd7 7. h3 Bh5 8. O-O
Bd6 9. Qc2 O-O 10. b3 e5 11. Nxe5 Nxe5 12. dxe5 Bxe5 13. Rb1 Qe7 14. Bb2 Bxb2
15. Rxb2 Rfd8 16. c5 a5 17. b4 axb4 18. Rxb4 Bg6 19. Rfb1 Ra7 20. R1b3 Rd7 21.
Rc3 Bxd3 22. Rxd3 g6 23. Nb3 Ne4 24. f3 Ng5 25. Nd4 Ne6 26. Nb3 Qf6 27. a4 h5
28. Qc3 Qxc3 29. Rxc3 Kf8 30. Kf2 Ke7 31. Rc2 Kd8 32. a5 Kc7 33. Ra2 Rd8 34.
Ke2 Ra6 35. Kd3 Rda8 36. Raa4 Rd8 37. Rb6 Rda8 38. Rbb4 Rd8 1/2-1/2

[Event "12. Obert Int. Sant Marti 2010"]
[Site "Barcelona ESP"]
[Date "2010.07.18"]
[Round "6.3"]
[White "Martinez Duany, Lelys Stanley"]
[Black "Gonzalez Rodriguez, Jorge A"]
[Result "1/2-1/2"]
[WhiteElo "2510"]
[BlackElo "2409"]
[PlyCount "84"]
[EventDate "2010.07.13"]
[EventType "swiss"]
[EventRounds "9"]
[EventCountry "ESP"]
[SourceTitle "Ajedrez en Madrid"]
[Source "lmi"]
[SourceDate "2010.07.13"]
[SourceVersion "1"]
[SourceVersionDate "2019.06.18"]
[SourceQuality "1"]

1. e4 e6 2. d4 d5 3. Nc3 Bb4 4. e5 b6 5. a3 Bf8 6. f4 h5 7. Nf3 Nh6 8. Be3 Be7
9. b4 c6 10. h3 Nf5 11. Bf2 h4 12. Bd3 Ba6 13. b5 Bb7 14. Bxf5 exf5 15. O-O Bc8
16. Qe2 Be6 17. a4 a6 18. Rfb1 Qc8 19. Nd1 Nd7 20. Ne3 Nf8 21. bxc6 Qxc6 22. c4
Ng6 23. cxd5 Bxd5 24. Nxd5 Qxd5 25. Rxb6 Nxf4 26. Qe3 g5 27. Rab1 Kf8 28. Rb7
Rc8 29. Qb3 Qxb3 30. R7xb3 g4 31. Rb8 Kg7 32. Rxc8 Rxc8 33. Nxh4 Bxh4 34. Bxh4
Rc2 35. hxg4 fxg4 36. g3 Ne2+ 37. Kf1 Nxd4 38. Rb4 Rd2 39. Bg5 Rd3 40. Kf2 a5
41. Rc4 Kg6 42. Be3 Ne6 1/2-1/2

[Event "12. Obert Int. Sant Marti 2010"]
[Site "Barcelona ESP"]
[Date "2010.07.18"]
[Round "6.4"]
[White "Mihailovs, Jurijs"]
[Black "Moskalenko, Viktor"]
[Result "1/2-1/2"]
[WhiteElo "2405"]
[BlackElo "2565"]
[PlyCount "67"]
[EventDate "2010.07.13"]
[EventType "swiss"]
[EventRounds "9"]
[EventCountry "ESP"]
[SourceTitle "Ajedrez en Madrid"]
[Source "lmi"]
[SourceDate "2010.07.13"]
[SourceVersion "1"]
[SourceVersionDate "2019.06.18"]
[SourceQuality "1"]

1. d4 e6 2. c4 f5 3. Nc3 Nf6 4. a3 d5 5. Bg5 c6 6. e3 Be7 7. Bd3 O-O 8. Qc2 Ne4
9. Bxe7 Qxe7 10. f4 b6 11. Nf3 Bb7 12. O-O Nd7 13. b4 a5 14. c5 Rfc8 15. Rfb1
Ba6 16. Bxa6 Rxa6 17. Nxe4 fxe4 18. Ne5 Nxe5 19. fxe5 axb4 20. axb4 Rxa1 21.
Rxa1 Qg5 22. Qf2 bxc5 23. Rf1 h6 24. bxc5 Rb8 25. Qf7+ Kh7 26. Qf4 Qg6 27. h3
Rb3 28. Kh2 Qg5 29. Qxg5 hxg5 30. Re1 g4 31. hxg4 Kg6 32. Re2 Kg5 33. Kg3 Ra3
34. Kh3 1/2-1/2

[Event "12. Obert Int. Sant Marti 2010"]
[Site "Barcelona ESP"]
[Date "2010.07.18"]
[Round "6.6"]
[White "Gomez Jurado, Luis Alberto"]
[Black "Matnadze, Ana"]
[Result "1/2-1/2"]
[WhiteElo "2287"]
[BlackElo "2422"]
[PlyCount "93"]
[EventDate "2010.07.13"]
[EventType "swiss"]
[EventRounds "9"]
[EventCountry "ESP"]
[SourceTitle "Ajedrez en Madrid"]
[Source "lmi"]
[SourceDate "2010.07.13"]
[SourceVersion "1"]
[SourceVersionDate "2019.06.18"]
[SourceQuality "1"]

1. d4 Nf6 2. c4 e6 3. g3 d5 4. Bg2 g6 5. cxd5 exd5 6. Nc3 Bg7 7. Bg5 c6 8. h3
O-O 9. Qd2 Re8 10. Nf3 Qb6 11. Bxf6 Bxf6 12. O-O Bg7 13. Rfe1 Bf5 14. Rad1 Nd7
15. Nh4 Be6 16. b4 Qxb4 17. e3 Qd6 18. Rb1 Nb6 19. a4 Qd7 20. Kh2 Nc4 21. Qa2
a5 22. Nf3 Bf8 23. e4 Bb4 24. exd5 cxd5 25. Rbc1 Rac8 26. Qb3 Rc6 27. Re2 Bxc3
28. Rxc3 Rb6 29. Qa2 Rb4 30. Rb3 Qxa4 31. Qxa4 Rxa4 32. Rxb7 Nd6 33. Rb6 Ne4
34. Ra6 Ra1 35. Ne5 a4 36. Rc2 Re7 37. Ra5 Rb7 38. g4 g5 39. Nd3 a3 40. Bxe4
dxe4 41. Rxg5+ Kf8 42. Nc5 Rb2 43. Nxe6+ fxe6 44. Rc8+ Kf7 45. Rc7+ Kf8 46.
Rc8+ Kf7 47. Rc7+ 1/2-1/2

[Event "12. Obert Int. Sant Marti 2010"]
[Site "Barcelona ESP"]
[Date "2010.07.18"]
[Round "6.7"]
[White "Capellades Subirana, Marc"]
[Black "Lorenzo De La Riva, Lazaro"]
[Result "0-1"]
[WhiteElo "2268"]
[BlackElo "2407"]
[PlyCount "52"]
[EventDate "2010.07.13"]
[EventType "swiss"]
[EventRounds "9"]
[EventCountry "ESP"]
[SourceTitle "Ajedrez en Madrid"]
[Source "lmi"]
[SourceDate "2010.07.13"]
[SourceVersion "1"]
[SourceVersionDate "2019.06.18"]
[SourceQuality "1"]

1. e4 e6 2. d4 d5 3. Nd2 Nf6 4. e5 Nfd7 5. Bd3 c5 6. c3 Nc6 7. Ne2 cxd4 8. cxd4
f6 9. Nf4 Nxd4 10. Qh5+ Ke7 11. Ng6+ hxg6 12. exf6+ Kxf6 13. Qxh8 Kf7 14. f4
Nc5 15. Bb1 Bd7 16. Qh7 Qf6 17. O-O Bb5 18. Rf2 Rc8 19. g4 Nd3 20. Bxd3 Bxd3
21. Qh3 Ne2+ 22. Kg2 Nxc1 23. Rxc1 Rxc1 24. Qxd3 Bc5 25. Rf3 Rg1+ 26. Kh3 Qd8
0-1

[Event "12. Obert Int. Sant Marti 2010"]
[Site "Barcelona ESP"]
[Date "2010.07.18"]
[Round "6.8"]
[White "Menac Comas, Joan Ramon"]
[Black "Gonzalez Perez, Arian"]
[Result "0-1"]
[WhiteElo "2198"]
[BlackElo "2403"]
[PlyCount "170"]
[EventDate "2010.07.13"]
[EventType "swiss"]
[EventRounds "9"]
[EventCountry "ESP"]
[SourceTitle "Ajedrez en Madrid"]
[Source "lmi"]
[SourceDate "2010.07.13"]
[SourceVersion "1"]
[SourceVersionDate "2019.06.18"]
[SourceQuality "1"]

1. g3 Nf6 2. Bg2 g6 3. d3 Bg7 4. f4 O-O 5. Nf3 c5 6. O-O Nc6 7. e4 d6 8. c3 Rb8
9. h3 c4 10. e5 dxe5 11. fxe5 Nd5 12. d4 Bf5 13. Ng5 e6 14. Ne4 Bxe4 15. Bxe4
b5 16. Qg4 b4 17. Bg5 Qd7 18. Bxd5 Qxd5 19. Nd2 bxc3 20. bxc3 Rb2 21. Rf2 h6
22. Be3 Ne7 23. Ne4 Rfb8 24. Raf1 Nf5 25. Rxb2 Rxb2 26. Bf2 Rxa2 27. Qf3 Ne7
28. g4 Kh8 29. Rb1 Qa8 30. Kg2 g5 31. Nxg5 Qxf3+ 32. Nxf3 Nd5 33. Rb7 Nxc3 34.
Rxf7 Ne4 35. Ne1 a5 36. Kg1 a4 37. Bh4 a3 38. Rc7 c3 39. d5 exd5 40. e6 Re2 41.
Kf1 a2 42. e7 Nd6 43. Ra7 Rxe1+ 44. Kxe1 c2 45. Kd2 a1=Q 46. Rxa1 Bxa1 47. Kxc2
Kg7 48. Bg3 Ne8 49. Bf4 Bf6 50. Kd3 Kg6 51. h4 Bxh4 52. Kd4 Bxe7 53. Kxd5 Nf6+
54. Ke6 Bf8 55. Bxh6 Bxh6 56. Ke5 Bg5 57. Kd4 Ne8 58. Ke5 Ng7 59. Ke4 Kf6 60.
Kd5 Ne8 61. Ke4 Ke6 62. Kd4 Nf6 63. Kc4 Ke5 64. Kc5 Ne4+ 65. Kc4 Be7 66. Kd3
Nf2+ 67. Kc4 Nxg4 68. Kb5 Kd5 69. Kb6 Ne5 70. Kb5 Bc5 71. Ka5 Nd3 72. Kb5 Nb4
73. Ka4 Kc4 74. Ka5 Bd4 75. Ka4 Bb6 76. Ka3 Nd3 77. Ka4 Nc5+ 78. Ka3 Kc3 79.
Ka2 Nd3 80. Ka3 Nb2 81. Ka2 Nc4 82. Kb1 Be3 83. Ka2 Kc2 84. Ka1 Kb3 85. Kb1
Na3+ 0-1

[Event "12. Obert Int. Sant Marti 2010"]
[Site "Barcelona ESP"]
[Date "2010.07.18"]
[Round "6.11"]
[White "Rios, Alejandro"]
[Black "Lasinskas, Povilas"]
[Result "1-0"]
[WhiteElo "2308"]
[BlackElo "2180"]
[PlyCount "101"]
[EventDate "2010.07.13"]
[EventType "swiss"]
[EventRounds "9"]
[EventCountry "ESP"]
[SourceTitle "Ajedrez en Madrid"]
[Source "lmi"]
[SourceDate "2010.07.13"]
[SourceVersion "1"]
[SourceVersionDate "2019.06.18"]
[SourceQuality "1"]

1. e4 e5 2. Nf3 Nc6 3. Bc4 Bc5 4. c3 Nf6 5. b4 Bb6 6. d3 d6 7. a4 a6 8. h3 h6
9. Qb3 O-O 10. Be3 Bxe3 11. fxe3 Qe7 12. O-O Nh7 13. Ra2 Kh8 14. Raf2 f5 15.
exf5 Bxf5 16. e4 Bd7 17. Nbd2 Rf4 18. Qd1 g5 19. Nh2 Raf8 20. Qh5 Kg7 21. Rxf4
exf4 22. d4 Nd8 23. Ng4 Bxa4 24. Qxh6+ Kh8 25. e5 Nf7 26. Qh5 Be8 27. Nf6 Nd8
28. Qh6 Qg7 29. Qxg7+ Kxg7 30. Nxh7 Kxh7 31. exd6 cxd6 32. Ne4 Kh6 33. Nxd6 Bh5
34. Bd5 b6 35. Ra1 Be2 36. c4 f3 37. gxf3 Rf6 38. Nc8 Nc6 39. Rxa6 Nxb4 40.
Rxb6 Rxb6 41. Nxb6 Nc2 42. Kf2 Bd1 43. c5 Nxd4 44. c6 Nb5 45. Bc4 Nd6 46. c7
Kh5 47. c8=Q Nxc8 48. Nxc8 Kh4 49. Be6 Bc2 50. Nd6 Ba4 51. Bg4 1-0

[Event "12. Obert Int. Sant Marti 2010"]
[Site "Barcelona ESP"]
[Date "2010.07.18"]
[Round "6.12"]
[White "Gonzalez Valenzuela, Didac"]
[Black "Perpinya Rofes, Lluis Maria"]
[Result "1-0"]
[WhiteElo "2156"]
[BlackElo "2344"]
[PlyCount "105"]
[EventDate "2010.07.13"]
[EventType "swiss"]
[EventRounds "9"]
[EventCountry "ESP"]
[SourceTitle "Ajedrez en Madrid"]
[Source "lmi"]
[SourceDate "2010.07.13"]
[SourceVersion "1"]
[SourceVersionDate "2019.06.18"]
[SourceQuality "1"]

1. d4 Nf6 2. c4 g6 3. Nc3 Bg7 4. e4 d6 5. f4 c5 6. d5 O-O 7. Nf3 e6 8. Be2 exd5
9. cxd5 Bg4 10. O-O Nbd7 11. Re1 Ne8 12. h3 Bxf3 13. Bxf3 Nc7 14. a4 a6 15. Re2
Re8 16. Qe1 c4 17. Be3 b5 18. e5 b4 19. Ne4 dxe5 20. Nd6 e4 21. Nxe8 exf3 22.
Nxc7 Qxc7 23. gxf3 Qa5 24. Qd1 Nc5 25. Bxc5 Qxc5+ 26. Kg2 Rd8 27. Rc1 Rxd5 28.
Re8+ Bf8 29. Qc2 Rd4 30. Re4 Bd6 31. Rxd4 Qxd4 32. Qxc4 Qd2+ 33. Kf1 Bxf4 34.
Rc2 Qd1+ 35. Kf2 Qd6 36. Re2 Qf6 37. Ke1 Bg3+ 38. Kd1 Qxf3 39. Qe4 Qf1+ 40. Kc2
a5 41. Qd3 Qf4 42. Re4 Qf2+ 43. Kb3 Bh4 44. Qd4 Qf3+ 45. Re3 Bf6 46. Rxf3 Bxd4
47. Rd3 Bf2 48. Rd5 f5 49. Rxa5 f4 50. Kc4 f3 51. Kd3 Bd4 52. b3 Kf7 53. Rb5
1-0

[Event "12. Obert Int. Sant Marti 2010"]
[Site "Barcelona ESP"]
[Date "2010.07.19"]
[Round "7.1"]
[White "Gonzalez Garcia, Jose"]
[Black "Martinez Duany, Lelys Stanley"]
[Result "1-0"]
[WhiteElo "2508"]
[BlackElo "2510"]
[PlyCount "103"]
[EventDate "2010.07.13"]
[EventType "swiss"]
[EventRounds "9"]
[EventCountry "ESP"]
[SourceTitle "Ajedrez en Madrid"]
[Source "lmi"]
[SourceDate "2010.07.13"]
[SourceVersion "1"]
[SourceVersionDate "2019.06.18"]
[SourceQuality "1"]

1. d4 Nf6 2. c4 g6 3. Nf3 Bg7 4. g3 O-O 5. Bg2 d6 6. Nc3 Nc6 7. O-O a6 8. Qd3
Bf5 9. e4 Bg4 10. Be3 Nd7 11. Ne1 e5 12. d5 Nd4 13. f3 Nc5 14. Qd1 Bc8 15. Nc2
Nxc2 16. Qxc2 a5 17. a3 Na6 18. Rab1 b6 19. b4 Bd7 20. bxa5 bxa5 21. Nb5 f5 22.
c5 f4 23. Bf2 fxg3 24. hxg3 Nxc5 25. Bxc5 dxc5 26. Qxc5 Bxb5 27. Rxb5 Rf7 28.
Bh3 Bf8 29. Qc3 Rg7 30. Rxa5 Rxa5 31. Be6+ Kh8 32. Qxa5 h5 33. Kg2 Kh7 34. Qc3
Qa8 35. Qxe5 Qxa3 36. Qa1 Qb4 37. Qe1 Qd4 38. Qe2 Bc5 39. f4 Kh6 40. e5 Re7 41.
Rd1 Qc3 42. Qd2 Qxd2+ 43. Rxd2 c6 44. Rc2 cxd5 45. Rxc5 Rxe6 46. Rxd5 Kg7 47.
Rd7+ Kf8 48. Rd6 Ke7 49. Rxe6+ Kxe6 50. Kh3 g5 51. fxg5 Kxe5 52. Kh4 1-0

[Event "12. Obert Int. Sant Marti 2010"]
[Site "Barcelona ESP"]
[Date "2010.07.19"]
[Round "7.2"]
[White "Gongora Reyes, Maikel"]
[Black "Perez Mitjans, Orelvis"]
[Result "0-1"]
[WhiteElo "2451"]
[BlackElo "2424"]
[PlyCount "122"]
[EventDate "2010.07.13"]
[EventType "swiss"]
[EventRounds "9"]
[EventCountry "ESP"]
[SourceTitle "Ajedrez en Madrid"]
[Source "lmi"]
[SourceDate "2010.07.13"]
[SourceVersion "1"]
[SourceVersionDate "2019.06.18"]
[SourceQuality "1"]

1. d4 Nf6 2. c4 c5 3. d5 b5 4. cxb5 a6 5. b6 Qxb6 6. Nc3 g6 7. e4 d6 8. Nf3 Bg7
9. Be2 O-O 10. O-O a5 11. Nd2 Ba6 12. Nc4 Qc7 13. a4 Nbd7 14. Na3 Bxe2 15. Qxe2
Nb6 16. Nab5 Qb7 17. Bg5 Ne8 18. h4 Nc7 19. Nxc7 Qxc7 20. h5 Rab8 21. Ra3 Qd7
22. Rfa1 f5 23. hxg6 hxg6 24. Rb3 f4 25. f3 e6 26. Bh4 Bd4+ 27. Bf2 e5 28. Rb5
Qd8 29. Nd1 Rf7 30. Bxd4 cxd4 31. Rc1 Nxa4 32. Rc6 Rxb5 33. Qxb5 Nc5 34. Rb6
Kg7 35. Nf2 a4 36. Rb8 Qe7 37. Kf1 Rf8 38. Rb6 Rc8 39. Ke2 Rc7 40. Kf1 Rb7 41.
Rxb7 Qxb7 42. Qe8 a3 43. bxa3 Qb1+ 44. Ke2 d3+ 45. Nxd3 Qxd3+ 46. Kf2 Qd4+ 47.
Kf1 Qa1+ 48. Kf2 Qb2+ 49. Kg1 Qb7 50. Qd8 Qd7 51. Qb8 g5 52. Kf1 g4 53. Ke2 Kf7
54. Kd2 gxf3 55. gxf3 Ke7 56. Qg8 Qb5 57. Qg7+ Kd8 58. Qf8+ Kc7 59. Qa8 Qa6 60.
Qe8 Qd3+ 61. Kc1 Qxa3+ 0-1

[Event "12. Obert Int. Sant Marti 2010"]
[Site "Barcelona ESP"]
[Date "2010.07.19"]
[Round "7.3"]
[White "Gonzalez Rodriguez, Jorge A"]
[Black "Abreu Delgado, Aryam"]
[Result "0-1"]
[WhiteElo "2409"]
[BlackElo "2474"]
[PlyCount "82"]
[EventDate "2010.07.13"]
[EventType "swiss"]
[EventRounds "9"]
[EventCountry "ESP"]
[SourceTitle "Ajedrez en Madrid"]
[Source "lmi"]
[SourceDate "2010.07.13"]
[SourceVersion "1"]
[SourceVersionDate "2019.06.18"]
[SourceQuality "1"]

1. b3 d5 2. e3 Bf5 3. Bb2 e6 4. Nf3 c6 5. d4 Nd7 6. Bd3 Bg6 7. O-O Ngf6 8. c4
Be7 9. Nc3 O-O 10. Bxg6 hxg6 11. Qc2 Re8 12. Rfd1 a5 13. Ne5 Bd6 14. Nxd7 Qxd7
15. f3 e5 16. dxe5 Bxe5 17. cxd5 cxd5 18. Rd3 Qc7 19. g3 Ra6 20. Qd2 Qe7 21.
Nb5 Bxb2 22. Qxb2 Re6 23. Re1 Qb4 24. Nc3 g5 25. g4 a4 26. Qd2 axb3 27. axb3
Re5 28. Kf2 Qxb3 29. Rb1 Qc4 30. Rxb7 Qc6 31. Qb2 R5e6 32. Qb4 d4 33. Rxd4 Rxe3
34. Ne4 Nxe4+ 35. Rxe4 R3xe4 36. fxe4 Rxe4 37. Rb8+ Kh7 38. Qb1 g6 39. h3 Qc5+
40. Kf1 Rf4+ 41. Kg2 Rf2+ 0-1

[Event "12. Obert Int. Sant Marti 2010"]
[Site "Barcelona ESP"]
[Date "2010.07.19"]
[Round "7.4"]
[White "Moskalenko, Viktor"]
[Black "Rojas Keim, Luis"]
[Result "1-0"]
[WhiteElo "2565"]
[BlackElo "2437"]
[PlyCount "105"]
[EventDate "2010.07.13"]
[EventType "swiss"]
[EventRounds "9"]
[EventCountry "ESP"]
[SourceTitle "Ajedrez en Madrid"]
[Source "lmi"]
[SourceDate "2010.07.13"]
[SourceVersion "1"]
[SourceVersionDate "2019.06.18"]
[SourceQuality "1"]

1. d4 Nf6 2. c4 e6 3. Nc3 Bb4 4. a3 Bxc3+ 5. bxc3 b6 6. Bg5 h6 7. Bh4 Ba6 8. e3
Nc6 9. Nf3 Na5 10. Nd2 O-O 11. e4 g5 12. Bg3 d5 13. e5 Ne4 14. Nxe4 dxe4 15. h4
Kg7 16. hxg5 hxg5 17. Qg4 Rg8 18. Qxe4 Bxc4 19. Bxc4 Nxc4 20. Rh7+ Kf8 21. Ke2
Qd5 22. Qxd5 exd5 23. Rah1 Re8 24. a4 Re6 25. f3 Nb2 26. Ra1 Nc4 27. Bf2 Rgg6
28. Rah1 Nb2 29. Be3 Nxa4 30. R1h5 Nxc3+ 31. Kd3 Nb5 32. Bxg5 c5 33. Rh8+ Rg8
34. Bf6 Rxf6 35. exf6 Nxd4 36. Rxd5 Ne6 37. Rxg8+ Kxg8 38. g3 b5 39. f4 c4+ 40.
Kc3 a6 41. Rh5 Nc7 42. Rg5+ Kh8 43. Rc5 Ne6 44. Rc6 Kh7 45. Rxa6 Nc5 46. Ra5
Ne4+ 47. Kd4 Nd6 48. g4 b4 49. Rd5 Ne8 50. Rh5+ Kg6 51. Ke5 Nxf6 52. Rg5+ Kh6
53. Kxf6 1-0

[Event "12. Obert Int. Sant Marti 2010"]
[Site "Barcelona ESP"]
[Date "2010.07.19"]
[Round "7.5"]
[White "Matnadze, Ana"]
[Black "Oms Fuentes, Lluis"]
[Result "1/2-1/2"]
[WhiteElo "2422"]
[BlackElo "2360"]
[PlyCount "112"]
[EventDate "2010.07.13"]
[EventType "swiss"]
[EventRounds "9"]
[EventCountry "ESP"]
[SourceTitle "Ajedrez en Madrid"]
[Source "lmi"]
[SourceDate "2010.07.13"]
[SourceVersion "1"]
[SourceVersionDate "2019.06.18"]
[SourceQuality "1"]

1. d4 d5 2. g3 Nf6 3. Bg2 Bf5 4. Nf3 c6 5. O-O Nbd7 6. c4 e6 7. Nc3 h6 8. Qb3
Qb6 9. c5 Qxb3 10. axb3 a6 11. b4 Rc8 12. Nd2 Bc2 13. f3 e5 14. dxe5 Nxe5 15.
f4 Ned7 16. e4 dxe4 17. Ndxe4 Nxe4 18. Nxe4 Be7 19. Nd6+ Bxd6 20. cxd6 O-O 21.
Bd2 Nf6 22. b5 axb5 23. Ba5 Bf5 24. Rfd1 Bd7 25. Bb6 Ra8 26. h3 h5 27. Kh2 Rfe8
28. Bf3 b4 29. Bd4 Nd5 30. Bxh5 b5 31. Bf3 Ra4 32. Re1 Rxe1 33. Rxe1 b3 34. Rd1
Rc4 35. Bxd5 cxd5 36. g4 Rc6 37. Kg3 f6 38. f5 Rxd6 39. Bc5 Rc6 40. Rxd5 Be8
41. h4 Rc7 42. g5 Rd7 43. Bd6 Bf7 44. Rd2 fxg5 45. hxg5 g6 46. Kf4 Be8 47. f6
Bf7 48. Ke5 Rd8 49. Rd1 Re8+ 50. Be7 Rb8 51. Rd7 Rc8 52. Rb7 Re8 53. Rxb5 Ra8
54. Kd4 Rc8 55. Rc5 Rxc5 56. Kxc5 Be6 1/2-1/2